000 00909cam a22002891 4500
001 11219
003 BD-RjUL
005 20211208235106.0
008 140126s1965 nyu b 000 0 eng
035 _a(BD-RjUL)11268
035 _a(OCoLC)1002063
040 _aDLC
_cMMeT
_dOCoLC
_dUk
_dDLC
_dBD-RjUL
_beng
041 _aeng
082 0 0 _a390.0186
_bLAL 1965
100 1 _aLangness, L. L.
_q(Lewis L.),
_d1929-
_934702
245 1 4 _aThe life history in anthropological science /
_cL.L. Langness.
260 _aNew York :
_bHolt, Rinehart and Winston,
_cc1965.
300 _ax, 82 p. ;
_c24 cm.
504 _a"References cited": p. 54-58.
504 _aBibliography: p. 59-82.
650 0 _aAnthropology
_xMethodology.
_934704
650 0 _aBiography as a literary form.
_934705
942 _2ddc
_cBK
999 _c11219
_d11219